El arte del libro desde Gutenberg hasta hoy: Exposición que presenta la Universidad de Chile como homenaje a los cuarenta años de la Sociedad de Bibliófilos Chilenos.
Uloženo v:
| Hlavní autor: | |
|---|---|
| Další autoři: | |
| Médium: | Kniha |
| Vydáno: |
Santiago, Chile:
Universitaria,
1985.
|
| Témata: | |
| Tagy: |
Přidat tag
Žádné tagy, Buďte první, kdo vytvoří štítek k tomuto záznamu!
|
MARC
| LEADER | 00000nam a22000007a 4500 | ||
|---|---|---|---|
| 003 | CL-VaPUC | ||
| 005 | 20250321101930.0 | ||
| 008 | 250122t1985 ||||| |||| 00| 0 eng d | ||
| 999 | |c 446756 |d 446754 | ||
| 040 | |c Pontificia Universidad Católica de Valparaíso | ||
| 082 | |a 002.074 AVI 1985 | ||
| 100 | |9 317656 |a Ávila Martel, Alamiro de |e presentación | ||
| 245 | |a El arte del libro desde Gutenberg hasta hoy: |b Exposición que presenta la Universidad de Chile como homenaje a los cuarenta años de la Sociedad de Bibliófilos Chilenos. | ||
| 260 | |a Santiago, Chile: |b Universitaria, |c 1985. | ||
| 300 | |a 39 páginas. | ||
| 500 | |a c.1. Instituto Arcos.08-01-2025. | ||
| 518 | |a Sala de Exposiciones de la Biblioteca Central de la Universidad de Chile del 25 de noviembre al 6 de diciembre 1985. | ||
| 583 | |c 20250122 |k Gabriela Rodríguez Cuevas | ||
| 650 | 0 | |9 466246 |a Historia del libro |x Imprenta | |
| 650 | 0 | |9 334511 |a Libros |x Arte tipografíco | |
| 650 | 0 | |9 334511 |a Libros |x Incunables |x Exposición | |
| 700 | |9 331291 |a Pizarro Pizarro, Marino |e prólogo | ||
| 942 | |2 ddc |c BK |n 0 | ||
| 952 | |0 0 |1 0 |2 ddc |4 0 |6 002_074000000000000_AVI_1985 |7 0 |9 599786 |a BIBINC |b BIBINC |c GEN |d 2025-01-22 |e Instituto Arcos |i 5664693 |o 002.074 AVI 1985 |p 5664693 |r 2025-01-22 |t 1 |w 2025-01-22 |y BK |k IFP | ||